Kiállítási jegyzetek
Elmentve itt :
| Szerző: | |
|---|---|
| Dokumentumtípus: | Cikk |
| Megjelent: |
1980
|
| Sorozat: | Tiszatáj
34 No. 11 |
| Kulcsszavak: | Képzőművészet - magyar - 20-21. sz. |
| Online Access: | http://tiszataj.bibl.u-szeged.hu/11185 |
| LEADER | 00581nab a2200181 i 4500 | ||
|---|---|---|---|
| 001 | tisza11185 | ||
| 005 | 20200330142429.0 | ||
| 008 | 170705s1980 hu o 0|| hun d | ||
| 022 | |a 0133-1167 | ||
| 040 | |a SZTE Tiszatáj Archívum |b hun | ||
| 041 | |a hun | ||
| 100 | 1 | |a Tandi Lajos | |
| 245 | 1 | 0 | |a Kiállítási jegyzetek |h [elektronikus dokumentum] / |c Tandi Lajos |
| 260 | |c 1980 | ||
| 300 | |a 108-112 | ||
| 490 | 0 | |a Tiszatáj |v 34 No. 11 | |
| 695 | |a Képzőművészet - magyar - 20-21. sz. | ||
| 856 | 4 | 0 | |u http://tiszataj.bibl.u-szeged.hu/11185/1/tiszataj_1980_011_108-112.pdf |z Dokumentum-elérés |